000 00713cam1a220022900 4500
001 lce01025222
008 750725s1976 nyua b 001 0 eng
010 _a 75023472
020 _a0471817562
035 _a(Sirsi) r26543
035 _a(DLC) 75023472
035 _a(UPRA)lce01025222
050 0 _aQA845
_b.S73 1976
082 _a531/.11
100 1 _aSposito, Garrison, 1939-
_dSposito, Garrison, 1939-
_6A69348.1
245 1 3 _aAn introduction to classical dynamics /
_cGarrison Sposito.
260 _aNew York :
_bWiley,
_c[1976]
504 _aIncludes bibliographical references and index.
650 0 _aDynamics.
_6S12792.1
949 _aQA845
_wlcc
_i-27343
_mMAIN
_tBOOK
_lON-SHELF
004 26543
999 _c186725
_d186725